|
|
|
|
| LEADER |
00959nam a2200217 a 4500 |
| 001 |
43126220 |
| 008 |
091103s1997 ii a b 001 0 eng d |
| 020 |
|
|
|a 8124103836
|
| 040 |
|
|
|a EQO
|c EQO
|d EEM
|
| 082 |
0 |
0 |
|a 338.1/8549/2
|2 21
|
| 100 |
1 |
|
|a Howlader, Sushil Ranjan.
|
| 245 |
1 |
0 |
|a Bangladesh :
|b agricultural involution, rural differentiation and economic impasse /
|c Sushil Ranjan Howlader.
|
| 260 |
|
|
|a New Delhi :
|b Har-Anand,
|c 1997.
|
| 300 |
|
|
|a 322 p. :
|b ill, ;c23 cm.
|
| 504 |
|
|
|a Includes bibliographical references (p.[307]-317) and index.
|
| 541 |
1 |
|
|e 00011159
|
| 650 |
|
0 |
|a Agriculture and state
|z Bangladesh.
|
| 651 |
|
0 |
|a Bangladesh
|x Economic conditions.
|
| 852 |
4 |
|
|a Ayesha Abed Library
|j General shelf
|
| 999 |
|
|
|c 5080
|d 5080
|
| 952 |
|
|
|0 0
|1 0
|2 ddc
|4 0
|6 338_185492000000000_HOW_1997
|7 0
|9 4933
|a BRACUL
|b BRACUL
|c GEN
|d 2009-11-04
|g 0.00
|l 1
|m 14
|o 338.185492 HOW
|p 3010011159
|r 2013-12-13
|s 2013-09-17
|t 1
|w 2009-11-04
|y BK
|x No price found in the accession register.
|